000 00992nam a2200229Ia 4500
001 15644
003 GE_BSU
008 181216s||||||||xx |||||||||||||| ||und||
040 _cGE_BSU
080 _a821.353.1-1 + 821.353.1-2
100 _aწერეთელი, ა.
245 _aთხზულებათა სრული კრებული : 15 ტომად. ტ.6
245 _bდრამატიული ნაწერები ლექსად
245 _cსარედ.კოლ.გ.აბზიანიძე.ტექსტი და ვარიანტები დაამუშავა ს. ყუბანეიშვილმა
260 _aთბილისი
260 _bსახელგამი
260 _c1956
300 _a412 გვ..18 მ
653 _aთხზულებათა სრული კრებული
653 _aთხზულებათა სრული კრებული
942 _cBK
999 _c48744
_d48744